| 000 | 01190nam a2200253Ia 4500 | ||
|---|---|---|---|
| 001 | 19451 | ||
| 003 | GE_BSU | ||
| 008 | 181216s||||||||xx |||||||||||||| ||und|| | ||
| 040 | _cGE_BSU | ||
| 080 | _a811.161.1'367 + 82=03.353.1 | ||
| 100 | _aვაჩნაძე, ნინო | ||
| 245 | _aზოგიერთი რუსული პრევერბიანი ზმნის ქართულად გადმოცემის საშუალებანი | ||
| 245 | _b(რუსულ-ქართული ლექსიკონის მიხედვით) | ||
| 245 | _cრედ:ა.კობახიძე | ||
| 250 | _aსაქ. სსრ მეცნ. აკად., ენათმეცნ. ინ-ტი. | ||
| 260 | _aთბილისი | ||
| 260 | _bმეცნიერება | ||
| 260 | _c1980 | ||
| 300 | _a154გვ;21სმ. | ||
| 300 | _bგამოყენებითი ლექსიკონების სია: გვ. 149-150. | ||
| 541 | _h1ლ.80თ. | ||
| 653 | _aზმნა რუსულ ენაში; რუსული ზმნის ქართული თარგმანი; | ||
| 942 | _cBK | ||
| 999 |
_c52429 _d52429 |
||